Top 20 Least Dense Countries & Territories - Statistics

General Stats
  • This quiz has been taken 77 times
  • The average score is 11 of 20
Answer Stats
Density (/km²) Country/Territory % Correct
2 Mongolia
100%
3 Australia
93%
9 Russia
93%
4 Canada
91%
7 Kazakhstan
85%
4 Libya
71%
0.14 Greenland
68%
4 Iceland
68%
3 Namibia
68%
5 Mauritania
63%
5 Botswana
49%
11 Bolivia
40%
4 Guyana
40%
4 Suriname
40%
9 Central African Republic
37%
0.31 Falkland Islands
29%
9 Gabon
19%
2 Western Sahara
16%
4 French Guyana
10%
7 Niue
10%
No matching quizzes found
Score Distribution
Percent of People with Each Score
Percentile by Number Answered
Your Score History
You have not taken this quiz